¡Viva la diferencia! : (...y el complemento también): lo femenino y lo masculino : la magia en el ser mujer, la realidad en el ser hombre /

"Libro fundamental que explora las diferencias innatas entre hombres y mujeres, no para igualarlos, sino para aceptarlas y potenciarlas, buscando un equilibrio entre lo masculino y lo femenino en cada persona para una mayor plenitud, basándose en extensas investigaciones que analizan cómo hombr...

Descripción completa

Guardado en:
Autor Principal: Sordo, Pilar, 1965-
Formato: Libro
Idioma:Undetermined
Publicado: Santiago de Chile : Norma, 2010.
Edición:15a ed.
Materias:
Etiquetas: Agregar Etiqueta
Sin Etiquetas, Sea el primero en etiquetar este registro!
LEADER 01986nam a22001935a 4500
001 EEO.eeo003866
008 251216s2010####xx############000#0#und#d
005 20251229153237.0
245 1 0 |a ¡Viva la diferencia! :  |b (...y el complemento también): lo femenino y lo masculino : la magia en el ser mujer, la realidad en el ser hombre /  |c Pilar Sordo. 
250 |a 15a ed. 
260 |a Santiago de Chile :  |b Norma,  |c 2010. 
300 |a 190 p. ;  |c 21 cm. 
520 |a "Libro fundamental que explora las diferencias innatas entre hombres y mujeres, no para igualarlos, sino para aceptarlas y potenciarlas, buscando un equilibrio entre lo masculino y lo femenino en cada persona para una mayor plenitud, basándose en extensas investigaciones que analizan cómo hombres y mujeres se relacionan, comunican y viven las experiencias, mostrando patrones únicos para cada sexo, desde la comunicación hasta la sexualidad.Temas Clave del Libro: Diferencias de Género: Desmiente la idea de que hombres y mujeres son iguales, enfatizando sus diferencias biológicas y psicológicas. Investigación Propia: Surge de la necesidad de estudios locales en Chile y se basa en miles de entrevistas y grupos focales, abarcando distintas edades y contextos. Comunicación: Señala cómo los hombres suelen ser más directos y enfocados en soluciones, mientras las mujeres tienden a la narración y la conexión emocional. Manejo Emocional: Explora cómo las mujeres recuerdan y reviven emociones, y la tendencia masculina a ser más pragmáticos. Sexualidad: Detalla diferencias en el placer, el orgasmo y el enfoque en la relación sexual para hombres y mujeres. El Complemento: Propone aceptar y equilibrar lo masculino y femenino dentro de uno mismo, más allá del sexo biológico, para crecer."--I.A. 
020 |a 9563000153 
100 1 |a Sordo, Pilar,  |d 1965- 
082 0 4 |a 155.3  |2 20 
650 7 |a Psicología.  |2 unbist. 
653 |a Lectura Recreativa 
859 |a AR-BaUEB  |b BIB. ECONOMIA - General  |h 155.3  |i So68  |p e15615